Microsoft Outlook 98 na první pokus

Na minha lista:
Detalhes bibliográficos
Autor principal: Joyce, Jerry
Outros Autores: Moon, Marianne, Pšenčíková, Jana
Formato: Livro
Idioma:tcheco
Publicado em: Praha Computer Press 1999
Colecção:Ilustrovaný průvodce
Assuntos:
Tags: Adicionar Tag
Sem tags, seja o primeiro a adicionar uma tag!

MARC

LEADER 00000nam a2200000 4500
001 c116645
005 20221102134823.0
020 |a 80-7226-041-3 
020 |a 80-7226-142-8 
041 0 |a cze 
044 |a CZ 
245 1 0 |a Microsoft Outlook 98  |b na první pokus  |c Jerry Joyce and Marianne Moon ; [preložila: Jana Pšenčíková] 
264 1 |a Praha  |b Computer Press  |c 1999 
300 |a 205 s. 
490 1 |a Ilustrovaný průvodce 
830 0 |a Ilustrovaný průvodce 
500 |a Popisuje Microsoft Outlook 98 pre Windows 95 Windows NT verzia 4.0 
610 2 0 |a programy počítačové 
610 2 0 |a systémy počítačové 
610 2 0 |a softvér 
610 2 0 |a využitie počítačov 
610 2 0 |a komunikácia 
610 2 0 |a korešpondencia 
610 2 0 |a pošta elektronická 
610 2 0 |a prenos dát 
100 1 |a Joyce, Jerry 
700 1 |a Moon, Marianne 
700 1 |a Pšenčíková, Jana